[Event "TUR-ch (Women)"]
[Site "Ayvalik"]
[Date "2022.03.10"]
[Round "8"]
[White "Acar, Ilayda"]
[Black "Sahin, Hayrun Nisa"]
[Result "1-0"]
[WhiteElo "1461"]
[BlackElo "2014"]
[PlyCount "51"]
[EventDate "2022.03.05"]
[EventType "swiss"]
[EventRounds "9"]
[EventCountry "TUR"]
[SourceTitle "EXT 2023"]
[Source "ChessBase"]
[SourceDate "2022.10.05"]
[SourceVersion "1"]
[SourceVersionDate "2022.10.05"]
[SourceQuality "1"]

1. e4 c5 2. Nf3 e6 3. b3 Nf6 4. e5 Nd5 5. c4 Nb4 6. a3 N4a6 7. Bb2 Nc6 8. g3 b6 9. Bg2 Bb7 10. 0-0 Be7 11. Re1 0-0 12. d4 d6 13. d5 exd5 14. cxd5 Nxe5 15. Nxe5 dxe5 16. Bxe5 Bf6 17. f4 b5 18. Nc3 b4 19. Ne4 Bxe5 20. fxe5 Rb8 21. Qh5 Nc7 22. Nf6+ gxf6 23. Be4 f5 24. Bxf5 Re8 25. Qxh7+ Kf8 26. Qh8+ 1-0

[Event "TUR-ch (Women)"]
[Site "Ayvalik"]
[Date "2022.03.09"]
[Round "6"]
[White "Akat, Elifnaz"]
[Black "Sahin, Hayrun Nisa"]
[Result "1-0"]
[WhiteElo "1689"]
[BlackElo "2014"]
[PlyCount "83"]
[EventDate "2022.03.05"]
[EventType "swiss"]
[EventRounds "9"]
[EventCountry "TUR"]
[SourceTitle "EXT 2023"]
[Source "ChessBase"]
[SourceDate "2022.10.05"]
[SourceVersion "1"]
[SourceVersionDate "2022.10.05"]
[SourceQuality "1"]

1. e4 c5 2. Nc3 Nc6 3. g3 d6 4. Bg2 g6 5. d3 Bg7 6. f4 e6 7. Nf3 Nge7 8. 0-0 0-0 9. Be3 Rb8 10. Rb1 b5 11. Qd2 b4 12. Ne2 Ba6 13. Rfd1 Qc7 14. c3 h6 15. c4 Rfd8 16. b3 d5 17. Qe1 Qa5 18. g4 f5 19. gxf5 gxf5 20. e5 Kh7 21. Qh4 Bc8 22. Ng3 Ng6 23. Qh3 d4 24. Bd2 Nce7 25. Nh5 Kg8 26. Be1 Qxa2 27. Ra1 Qxb3 28. Nd2 Qc2 29. Rdc1 Qb2 30. Bf3 Rb6 31. Rcb1 Qc3 32. Rxa7 Qxd3 33. Rb3 Qc2 34. Rxe7 Rd7 35. Re8+ Kf7 36. Rxc8 Ra6 37. Rb1 Ra3 38. Qg2 Rda7 39. Nxg7 Nxf4 40. Bh5+ Ke7 41. Nxf5+ Kd7 42. Qc6# 1-0

[Event "TUR-ch (Women)"]
[Site "Ayvalik"]
[Date "2022.03.07"]
[Round "4"]
[White "Karatiken, Seray"]
[Black "Sahin, Hayrun Nisa"]
[Result "0-1"]
[WhiteElo "1717"]
[BlackElo "2014"]
[PlyCount "76"]
[EventDate "2022.03.05"]
[EventType "swiss"]
[EventRounds "9"]
[EventCountry "TUR"]
[SourceTitle "EXT 2023"]
[Source "ChessBase"]
[SourceDate "2022.10.05"]
[SourceVersion "1"]
[SourceVersionDate "2022.10.05"]
[SourceQuality "1"]

1. d4 d5 2. Nf3 Nf6 3. e3 Bg4 4. Nbd2 e6 5. Bd3 c5 6. c3 Nc6 7. 0-0 Bd6 8. dxc5 Bxc5 9. Qa4 0-0 10. b4 Bd6 11. Ba3 Qe7 12. Nd4 a5 13. b5 Nxd4 14. Bxd6 Qxd6 15. cxd4 Nd7 16. Qc2 f5 17. h3 Rac8 18. Qb2 Bh5 19. Rac1 Rxc1 20. Qxc1 e5 21. dxe5 Nxe5 22. Qc2 Bg6 23. f4 Nd7 24. Nb3 Qb6 25. Re1 Re8 26. Nd4 Nf6 27. Bxf5 Bf7 28. Kf2 g6 29. Bd3 Nh5 30. f5 Qf6 31. Kg1 Nf4 32. fxg6 hxg6 33. Nf3 Nxh3+ 34. Kh2 Ng5 35. Nh4 Kg7 36. g3 Nf3+ 37. Nxf3 Qxf3 38. Qe2 Rh8+ 0-1

[Event "TUR-ch (Women)"]
[Site "Ayvalik"]
[Date "2022.03.06"]
[Round "2"]
[White "Alagoz, Zumra Meryem"]
[Black "Sahin, Hayrun Nisa"]
[Result "0-1"]
[WhiteElo "1495"]
[BlackElo "2014"]
[PlyCount "81"]
[EventDate "2022.03.05"]
[EventType "swiss"]
[EventRounds "9"]
[EventCountry "TUR"]
[SourceTitle "EXT 2023"]
[Source "ChessBase"]
[SourceDate "2022.10.05"]
[SourceVersion "1"]
[SourceVersionDate "2022.10.05"]
[SourceQuality "1"]

1. e4 e5 2. Nf3 Nc6 3. Bb5 Bc5 4. 0-0 d6 5. d4 exd4 6. Nxd4 Bd7 7. Nf5 g6 8. Ne3 Qh4 9. Nd5 0-0-0 10. Nbc3 Rf8 11. Bxc6 bxc6 12. b4 cxd5 13. bxc5 Nf6 14. Nxd5 Nxe4 15. cxd6 Nxd6 16. Bf4 Bb5 17. Re1 Rd8 18. Qf3 Rhe8 19. Qc3 c6 20. Rxe8 Nxe8 21. Bg3 Qe4 22. Ne3 f5 23. Qe5 Qxe5 24. Bxe5 Rd7 25. Rd1 Re7 26. Bf4 Ng7 27. c4 Ba6 28. h3 Ne6 29. Be5 f4 30. Ng4 Bxc4 31. Bf6 Re8 32. Ne5 Bd5 33. Nd3 Rf8 34. Be5 Be4 35. Nc1 Rf5 36. Bd6 Bd5 37. Nd3 Nd4 38. Bc5 Ne2+ 39. Kf1 Nc3 40. Rc1 Bc4 41. Ke1 0-1

[Event "Kiev Spring op"]
[Site "Kiev"]
[Date "2021.07.15"]
[Round "7"]
[White "Sahin, Hayrun Nisa"]
[Black "Mamedov, Ruslan"]
[Result "0-1"]
[WhiteElo "2008"]
[BlackElo "2224"]
[PlyCount "34"]
[EventDate "2021.07.10"]
[EventType "swiss"]
[EventRounds "9"]
[EventCountry "UKR"]
[SourceTitle "EXT 2024"]
[Source "ChessBase"]
[SourceDate "2023.10.10"]
[SourceVersion "1"]
[SourceVersionDate "2023.10.10"]
[SourceQuality "1"]

1. e4 e6 2. d4 d5 3. Nd2 c5 4. dxc5 Bxc5 5. Bd3 Nf6 6. Qe2 Nc6 7. c3 0-0 8. Ngf3 Qc7 9. 0-0 h6 10. h3 a5 11. Re1 a4 12. e5 Nd7 13. Nf1 Re8 14. Bc2 b6 15. Qd3 f5 16. exf6 Nxf6 17. Ng3 Qxg3 0-1

[Event "Kiev Spring op"]
[Site "Kiev"]
[Date "2021.07.10"]
[Round "1"]
[White "Sahin, Hayrun Nisa"]
[Black "Lysytsia, Yaroslav"]
[Result "1-0"]
[WhiteElo "2008"]
[BlackElo "1236"]
[PlyCount "41"]
[EventDate "2021.07.10"]
[EventType "swiss"]
[EventRounds "9"]
[EventCountry "UKR"]
[SourceTitle "EXT 2024"]
[Source "ChessBase"]
[SourceDate "2023.10.10"]
[SourceVersion "1"]
[SourceVersionDate "2023.10.10"]
[SourceQuality "1"]

1. e4 c5 2. Nf3 a6 3. d4 cxd4 4. Nxd4 Nf6 5. Nc3 e5 6. Nb3 Bb4 7. Qf3 0-0 8. Bd2 d5 9. Nxd5 Bxd2+ 10. Nxd2 Nxd5 11. exd5 e4 12. Nxe4 Qa5+ 13. c3 Re8 14. Bb5 axb5 15. 0-0 Ra6 16. Rfe1 Bd7 17. Qg3 Rg6 18. Nf6+ Rxf6 19. Rxe8+ Bxe8 20. Qxb8 Kf8 21. Re1 1-0

[Event "TUR-ch (Women)"]
[Site "Corum"]
[Date "2021.06.18"]
[Round "6"]
[White "Sahin, Hayrun Nisa"]
[Black "Alexanian, Nelli"]
[Result "1-0"]
[WhiteElo "1995"]
[BlackElo "1986"]
[PlyCount "91"]
[EventDate "2021.06.13"]
[EventType "swiss"]
[EventRounds "7"]
[EventCountry "TUR"]
[SourceTitle "CBM 203 Extra"]
[Source "ChessBase"]
[SourceDate "2021.09.30"]
[SourceVersion "1"]
[SourceVersionDate "2021.09.30"]
[SourceQuality "1"]

1. e4 e6 2. d4 d5 3. Nd2 Nc6 4. Ngf3 Nf6 5. e5 Nd7 6. c4 Be7 7. a3 a5 8. Bd3 a4 9. h3 f6 10. Nh4 Ndxe5 11. dxe5 Nxe5 12. Qe2 c6 13. 0-0 g5 14. Nhf3 Ng6 15. Bxg6+ hxg6 16. Re1 Bd6 17. Nf1 Kf7 18. Ne3 Bd7 19. Ng4 e5 20. Nfxe5+ fxe5 21. cxd5 cxd5 22. Nxe5+ Kg7 23. Nxd7 Qxd7 24. Qd3 Be7 25. Re5 d4 26. Bxg5 Bxg5 27. Rxg5 Ra6 28. Rd1 Rd6 29. Rg4 Rd8 30. Kh1 Qe6 31. Re4 Qf6 32. Rd2 R8d7 33. Kg1 Kh7 34. Rg4 Qe5 35. Re4 Qf6 36. g3 Kg7 37. Rde2 Rc6 38. Re1 Rb6 39. Rf4 Qd6 40. Ree4 Rb3 41. Qd2 d3 42. Rh4 Rb5 43. Qc3+ Re5 44. Rd4 Re1+ 45. Qxe1 d2 46. Qxd2 1-0

[Event "TUR-ch (Women)"]
[Site "Corum"]
[Date "2021.06.15"]
[Round "3"]
[White "Ciftci, Zeynep"]
[Black "Sahin, Hayrun Nisa"]
[Result "0-1"]
[WhiteElo "1603"]
[BlackElo "1995"]
[PlyCount "48"]
[EventDate "2021.06.13"]
[EventType "swiss"]
[EventRounds "7"]
[EventCountry "TUR"]
[SourceTitle "CBM 203 Extra"]
[Source "ChessBase"]
[SourceDate "2021.09.30"]
[SourceVersion "1"]
[SourceVersionDate "2021.09.30"]
[SourceQuality "1"]

1. d4 Nf6 2. c4 g6 3. Nc3 Bg7 4. e4 d6 5. h3 0-0 6. Be3 c5 7. Nf3 Qa5 8. Qd2 Nc6 9. d5 Nd4 10. Bxd4 cxd4 11. Nb1 Qb6 12. Bd3 e5 13. 0-0 Nh5 14. Na3 Nf4 15. c5 Qxc5 16. Rfc1 Qb6 17. Nc4 Qd8 18. Bf1 f5 19. Qb4 fxe4 20. Nfd2 Nxh3+ 21. gxh3 Qh4 22. Qb3 e3 23. fxe3 Qg3+ 24. Kh1 Rf2 0-1

[Event "EU-ch Online U18 Girls"]
[Site "Tornelo INT"]
[Date "2020.09.19"]
[Round "4"]
[White "Sahin, Hayrun Nisa"]
[Black "Randic, Petra"]
[Result "1-0"]
[WhiteElo "1948"]
[BlackElo "1763"]
[PlyCount "57"]
[EventDate "2020.09.18"]
[EventType "swiss (rapid)"]
[EventRounds "9"]
[EventCountry "ENG"]
[SourceTitle "CBM 198 Extra"]
[Source "ChessBase"]
[SourceDate "2020.11.30"]
[SourceVersion "1"]
[SourceVersionDate "2020.11.30"]
[SourceQuality "1"]

1. e4 Nc6 2. Nf3 e6 3. d4 d5 4. Nbd2 dxe4 5. Nxe4 Nf6 6. Nxf6+ gxf6 7. Be3 Qd5 8. c3 Bd7 9. Qb3 Qxb3 10. axb3 e5 11. Kd2 Bd6 12. Bd3 0-0 13. h3 f5 14. dxe5 Nxe5 15. Nxe5 Bxe5 16. f4 Bf6 17. Rhg1 a6 18. g4 fxg4 19. hxg4 Rfd8 20. Kc2 Kg7 21. g5 Be7 22. Rh1 f5 23. Bd4+ Kg8 24. Bc4+ Kf8 25. Rxh7 Bxg5 26. fxg5 b5 27. Bc5+ Ke8 28. Re1+ Be6 29. Rxe6# 1-0

[Event "EU-ch Online U18 Girls"]
[Site "Tornelo INT"]
[Date "2020.09.18"]
[Round "3"]
[White "Khachatryan, Anna"]
[Black "Sahin, Hayrun Nisa"]
[Result "1-0"]
[WhiteElo "2071"]
[BlackElo "1948"]
[PlyCount "101"]
[EventDate "2020.09.18"]
[EventType "swiss (rapid)"]
[EventRounds "9"]
[EventCountry "ENG"]
[SourceTitle "CBM 198 Extra"]
[Source "ChessBase"]
[SourceDate "2020.11.30"]
[SourceVersion "1"]
[SourceVersionDate "2020.11.30"]
[SourceQuality "1"]

1. d4 Nf6 2. c4 g6 3. Nc3 Bg7 4. e4 d6 5. Be2 0-0 6. Be3 Na6 7. Qd2 c5 8. d5 Nc7 9. Nf3 Bg4 10. 0-0 a6 11. a4 Nd7 12. Bh6 Re8 13. Qf4 Bxf3 14. Bxf3 e5 15. Qd2 f5 16. exf5 gxf5 17. Bh5 Rf8 18. Bxg7 Kxg7 19. f4 e4 20. Nd1 Qf6 21. Kh1 b5 22. Ne3 Nb6 23. b3 Qd4 24. Qe2 Qd3 25. Qxd3 exd3 26. a5 Nd7 27. Rad1 Kh6 28. Bf3 Kg6 29. Rxd3 Nf6 30. g3 Rfe8 31. Ng2 Ne4 32. Kg1 Rab8 33. Re1 bxc4 34. bxc4 Rb4 35. g4 Rxc4 36. Nh4+ Kf6 37. g5+ Kf7 38. Bh5+ Kf8 39. Bxe8 Kxe8 40. Nxf5 Kd7 41. Rde3 Nd2 42. Re7+ Kd8 43. R1e2 Nf3+ 44. Kg2 Rxf4 45. Nxd6 Nxg5 46. Nb7+ Kc8 47. d6 Rg4+ 48. Kh1 Nce6 49. d7+ Kb8 50. R7xe6 Nxe6 51. Rxe6 1-0

[Event "EU-ch Online U18 Girls"]
[Site "Tornelo INT"]
[Date "2020.09.18"]
[Round "2"]
[White "Sahin, Hayrun Nisa"]
[Black "Esadze, Tamari"]
[Result "0-1"]
[WhiteElo "1948"]
[BlackElo "1889"]
[PlyCount "102"]
[EventDate "2020.09.18"]
[EventType "swiss (rapid)"]
[EventRounds "9"]
[EventCountry "ENG"]
[SourceTitle "CBM 198 Extra"]
[Source "ChessBase"]
[SourceDate "2020.11.30"]
[SourceVersion "1"]
[SourceVersionDate "2020.11.30"]
[SourceQuality "1"]

1. e4 c5 2. Nf3 d6 3. d4 cxd4 4. Nxd4 Nf6 5. Nc3 a6 6. f3 e5 7. Nb3 Be7 8. Be3 Be6 9. Qd2 Nbd7 10. Be2 Qc7 11. 0-0 0-0 12. Rac1 b5 13. Nd5 Bxd5 14. exd5 Nb6 15. Bxb6 Qxb6+ 16. Kh1 Rac8 17. Rfd1 h6 18. Qa5 Qf2 19. Bd3 Nh5 20. Qe1 Qb6 21. Na5 Bg5 22. Rb1 Nf4 23. Nb3 Nxd5 24. Bh7+ Kxh7 25. Rxd5 f5 26. c3 Rfe8 27. Rbd1 Rcd8 28. Qf1 Re6 29. Qd3 g6 30. Qe2 Rde8 31. g3 Bf6 32. Nd2 Kg7 33. Nf1 e4 34. f4 e3 35. h3 b4 36. c4 b3 37. axb3 Qxb3 38. Rxd6 Qxb2 39. Rd7+ R8e7 40. Qxb2 Bxb2 41. Nxe3 Rxe3 42. Rxe7+ Rxe7 43. Rd6 a5 44. Ra6 Bc3 45. c5 Rc7 46. c6 Kf6 47. Kg2 Ke6 48. Kf3 Kd6 49. g4 Rxc6 50. Ra8 fxg4+ 51. hxg4 Kc5 0-1

[Event "TUR-ch (Women)"]
[Site "Ankara"]
[Date "2020.03.08"]
[Round "9"]
[White "Yurdakul, Didem Nuray"]
[Black "Sahin, Hayrun Nisa"]
[Result "1/2-1/2"]
[WhiteElo "1762"]
[BlackElo "1938"]
[PlyCount "52"]
[EventDate "2020.03.02"]
[EventType "swiss"]
[EventRounds "9"]
[EventCountry "TUR"]
[SourceTitle "CBM 195 Extra"]
[Source "ChessBase"]
[SourceDate "2020.05.31"]
[SourceVersion "1"]
[SourceVersionDate "2020.05.31"]
[SourceQuality "1"]

1. e4 c5 2. Nf3 d6 3. d4 cxd4 4. Nxd4 Nf6 5. Nc3 g6 6. Be3 Bg7 7. f3 Bd7 8. Qd2 Nc6 9. Bc4 0-0 10. 0-0-0 Rb8 11. Bb3 Na5 12. g4 b5 13. h4 Nc4 14. Bxc4 bxc4 15. h5 Qb6 16. b3 cxb3 17. cxb3 Rfc8 18. Nf5 Qd8 19. Nxg7 Kxg7 20. Kb2 a5 21. hxg6 fxg6 22. Nd5 Nxd5 23. Qxd5 Bc6 24. Qe6 Bd7 25. Qd5 Bc6 26. Qe6 Bd7 1/2-1/2

[Event "TUR-ch (Women)"]
[Site "Ankara"]
[Date "2020.03.07"]
[Round "8"]
[White "Sahin, Hayrun Nisa"]
[Black "Aydin, Gulenay"]
[Result "0-1"]
[WhiteElo "1938"]
[BlackElo "1964"]
[PlyCount "102"]
[EventDate "2020.03.02"]
[EventType "swiss"]
[EventRounds "9"]
[EventCountry "TUR"]
[SourceTitle "CBM 195 Extra"]
[Source "ChessBase"]
[SourceDate "2020.05.31"]
[SourceVersion "1"]
[SourceVersionDate "2020.05.31"]
[SourceQuality "1"]

1. e4 c5 2. Nf3 g6 3. d4 cxd4 4. Nxd4 Nc6 5. Be3 Bg7 6. f3 Nf6 7. Nc3 Qb6 8. Qd2 Nxe4 9. Ndb5 Bxc3 10. bxc3 Qxb5 11. Bxb5 Nxd2 12. Kxd2 0-0 13. Rhe1 d6 14. Rab1 f6 15. Ke2 Kg7 16. Kf2 Bd7 17. Bd2 Rfe8 18. Bc1 b6 19. Ba3 Rac8 20. Re3 Nb8 21. Be2 Bc6 22. Re1 Kf8 23. h3 Nd7 24. Ba6 Rcd8 25. g3 Nc5 26. Bf1 e5 27. Bxc5 dxc5 28. Rd3 Rxd3 29. cxd3 Rd8 30. Ke3 Bd5 31. a3 Kf7 32. Rb1 Bc6 33. h4 f5 34. Rb2 Kf6 35. Rh2 h6 36. Be2 Rd6 37. Bf1 Bd7 38. c4 Rd4 39. a4 f4+ 40. gxf4 exf4+ 41. Kd2 Bxa4 42. Kc3 Bc6 43. Ra2 Bxf3 44. Rxa7 g5 45. Rh7 Kg6 46. Rh8 g4 47. Rg8+ Kh5 48. Rb8 Rd6 49. Rf8 Kxh4 50. Rxf4 Kg3 51. Rf5 Kf2 0-1

[Event "TUR-ch (Women)"]
[Site "Ankara"]
[Date "2020.03.06"]
[Round "7"]
[White "Sahin, Hayrun Nisa"]
[Black "Kara, Gulce Nehir"]
[Result "1/2-1/2"]
[WhiteElo "1938"]
[BlackElo "1907"]
[PlyCount "69"]
[EventDate "2020.03.02"]
[EventType "swiss"]
[EventRounds "9"]
[EventCountry "TUR"]
[SourceTitle "CBM 195 Extra"]
[Source "ChessBase"]
[SourceDate "2020.05.31"]
[SourceVersion "1"]
[SourceVersionDate "2020.05.31"]
[SourceQuality "1"]

1. e4 c5 2. Nf3 e6 3. c3 Nf6 4. e5 Nd5 5. d4 cxd4 6. cxd4 b6 7. Bc4 Bb7 8. 0-0 d6 9. Qe2 Nd7 10. Bg5 Be7 11. Bxe7 Qxe7 12. Bxd5 Bxd5 13. Nc3 Bxf3 14. Qxf3 0-0 15. Qe2 dxe5 16. dxe5 Qc5 17. Rfe1 a6 18. h3 Qa5 19. a3 b5 20. f4 b4 21. Ne4 Nc5 22. Nxc5 Qxc5+ 23. Qe3 Qb5 24. Red1 a5 25. Rd6 bxa3 26. bxa3 Rac8 27. Rad1 a4 28. Kh2 Qb2 29. R6d2 Rc3 30. Rxb2 Rxe3 31. Rb7 Rxa3 32. Ra7 g6 33. Rd4 Kg7 34. Raxa4 Rd8 35. Rxa3 1/2-1/2

[Event "TUR-ch (Women)"]
[Site "Ankara"]
[Date "2020.03.05"]
[Round "5"]
[White "Sahin, Hayrun Nisa"]
[Black "Baloglu, Dila"]
[Result "1/2-1/2"]
[WhiteElo "1938"]
[BlackElo "1642"]
[PlyCount "162"]
[EventDate "2020.03.02"]
[EventType "swiss"]
[EventRounds "9"]
[EventCountry "TUR"]
[SourceTitle "CBM 195 Extra"]
[Source "ChessBase"]
[SourceDate "2020.05.31"]
[SourceVersion "1"]
[SourceVersionDate "2020.05.31"]
[SourceQuality "1"]

1. e4 c5 2. Nf3 g6 3. d4 cxd4 4. Qxd4 Nf6 5. e5 Nc6 6. Qa4 Nd5 7. Qe4 Nb6 8. Nc3 Bg7 9. Bb5 d5 10. exd6 Qxd6 11. 0-0 Bf5 12. Qh4 0-0 13. Re1 Rfe8 14. Ng5 h5 15. a3 a6 16. Nge4 Bxe4 17. Nxe4 Qd5 18. Bd3 Ne5 19. Nc3 Qd7 20. Rd1 Nxd3 21. Rxd3 Qc6 22. Qe4 Rac8 23. Qe2 Red8 24. Rxd8+ Rxd8 25. Nd1 Qc4 26. Qxc4 Nxc4 27. Ne3 Nxb2 28. Bxb2 Bxb2 29. Rb1 Bxa3 30. Rxb7 Bc5 31. Kf1 Bxe3 32. fxe3 Rc8 33. Ra7 Rxc2 34. Rxa6 Kg7 35. Rb6 e6 36. Ra6 g5 37. Ra4 Kg6 38. Kg1 Kf5 39. h4 f6 40. Kh2 Re2 41. Ra3 gxh4 42. Ra5+ Kg4 43. Ra4+ Kg5 44. Re4 e5 45. Kh3 Re1 46. Kh2 Rd1 47. Ra4 f5 48. Ra5 e4 49. Ra8 Rd3 50. Rg8+ Kf6 51. Rf8+ Kg6 52. Rg8+ Kf7 53. Rg5 Kf6 54. Rxh5 Rxe3 55. Rxh4 Ke5 56. Rh8 Rd3 57. Kg1 e3 58. Kf1 Rd2 59. Re8+ Kf4 60. Re7 Rf2+ 61. Kg1 Rd2 62. Kf1 Ra2 63. Re8 Ra1+ 64. Ke2 Rg1 65. Rg8 Ke4 66. Re8+ Kd4 67. Rd8+ Ke4 68. Re8+ Kd4 69. Rd8+ Ke5 70. Re8+ Kd5 71. Rd8+ Ke6 72. Kxe3 Rxg2 73. Kf3 Rg6 74. Re8+ Kf6 75. Ra8 Kg5 76. Rb8 Re6 77. Ra8 Kf6 78. Rb8 Ra6 79. Kf4 Ra4+ 80. Kf3 Ra3+ 81. Kf4 Ra4+ 1/2-1/2

[Event "TUR-ch (Women)"]
[Site "Antalya"]
[Date "2019.03.06"]
[Round "6"]
[White "Gokbulut, Julia"]
[Black "Sahin, Hayrun Nisa"]
[Result "1-0"]
[WhiteElo "2037"]
[BlackElo "1803"]
[PlyCount "57"]
[EventDate "2019.03.03"]
[EventType "swiss"]
[EventRounds "9"]
[EventCountry "TUR"]
[SourceTitle "CBM 189 Extra"]
[Source "ChessBase"]
[SourceDate "2019.06.03"]
[SourceVersion "1"]
[SourceVersionDate "2019.06.03"]
[SourceQuality "1"]

1. d4 Nf6 2. c4 g6 3. Nc3 Bg7 4. e4 d6 5. f3 0-0 6. Be3 c5 7. d5 e6 8. Qd2 exd5 9. cxd5 a6 10. a4 Nbd7 11. Nge2 Qa5 12. Ra3 Ne5 13. Ng3 h5 14. Be2 Qc7 15. 0-0 Bd7 16. h3 b5 17. axb5 axb5 18. Rxa8 Rxa8 19. f4 Nc4 20. Bxc4 bxc4 21. e5 Ne8 22. Nge4 dxe5 23. d6 Qd8 24. fxe5 Bxe5 25. Qd5 Bf6 26. Nxf6+ Nxf6 27. Rxf6 Qxf6 28. Qxa8+ Kg7 29. Qd5 1-0

[Event "TUR-ch (Women)"]
[Site "Antalya"]
[Date "2019.03.03"]
[Round "1"]
[White "Kas, Elif Bilge"]
[Black "Sahin, Hayrun Nisa"]
[Result "0-1"]
[WhiteElo "1179"]
[BlackElo "1803"]
[PlyCount "44"]
[EventDate "2019.03.03"]
[EventType "swiss"]
[EventRounds "9"]
[EventCountry "TUR"]
[SourceTitle "CBM 189 Extra"]
[Source "ChessBase"]
[SourceDate "2019.06.03"]
[SourceVersion "1"]
[SourceVersionDate "2019.06.03"]
[SourceQuality "1"]

1. e4 c5 2. c3 d5 3. exd5 Qxd5 4. d4 g6 5. Nf3 Bg7 6. Na3 cxd4 7. cxd4 Nh6 8. Bc4 Qe4+ 9. Be3 0-0 10. 0-0 Bg4 11. Bd3 Qd5 12. Be2 Nc6 13. Nb5 Rac8 14. Nc3 Qd7 15. h3 Bxf3 16. Bxf3 Nxd4 17. Bxd4 Bxd4 18. Nd5 Nf5 19. g4 Nh4 20. Bh1 Rc4 21. b3 Qd6 22. bxc4 Qg3+ 0-1

[Event "TUR-chT"]
[Site "Ankara"]
[Date "2018.08.05"]
[Round "13.3"]
[White "Sahin, Hayrun Nisa"]
[Black "Keskin, Elif"]
[Result "0-1"]
[WhiteElo "1736"]
[BlackElo "1719"]
[PlyCount "52"]
[EventDate "2018.07.25"]
[EventType "team-tourn"]
[EventRounds "13"]
[EventCountry "TUR"]
[SourceTitle "CBM 185 Extra"]
[Source "ChessBase"]
[SourceDate "2018.07.29"]
[SourceVersion "1"]
[SourceVersionDate "2018.07.29"]
[SourceQuality "1"]
[WhiteTeam "Tarsus Zeka"]
[BlackTeam "Gokceada Spor"]
[WhiteTeamCountry "TUR"]
[BlackTeamCountry "TUR"]

1. e4 c5 2. Nf3 g6 3. d4 cxd4 4. Qxd4 Nf6 5. e5 Nc6 6. Qa4 Nd5 7. Qe4 Nb6 8. Bf4 Bg7 9. Nc3 d5 10. exd6 Bf5 11. Qe3 0-0 12. 0-0-0 exd6 13. Rxd6 Qc8 14. Bh6 Re8 15. Qd2 Bh8 16. Bb5 a6 17. Bxc6 bxc6 18. b3 Nd5 19. Na4 Qc7 20. Bf4 Nxf4 21. Qxf4 Be5 22. Nxe5 Qxd6 23. Nd3 Qa3+ 24. Kd2 Rad8 25. Rc1 Qxa2 26. Nc3 Rxd3# 0-1

[Event "TUR-chT"]
[Site "Ankara"]
[Date "2018.08.03"]
[Round "10.5"]
[White "Sade, Defne"]
[Black "Sahin, Hayrun Nisa"]
[Result "1-0"]
[WhiteElo "1954"]
[BlackElo "1736"]
[PlyCount "87"]
[EventDate "2018.07.25"]
[EventType "team-tourn"]
[EventRounds "13"]
[EventCountry "TUR"]
[SourceTitle "CBM 185 Extra"]
[Source "ChessBase"]
[SourceDate "2018.07.29"]
[SourceVersion "1"]
[SourceVersionDate "2018.07.29"]
[SourceQuality "1"]
[WhiteTeam "Deniz su Aquamatch"]
[BlackTeam "Tarsus Zeka"]
[WhiteTeamCountry "TUR"]
[BlackTeamCountry "TUR"]

1. e4 c5 2. Nf3 d6 3. Bb5+ Bd7 4. Bxd7+ Qxd7 5. c4 Nc6 6. d4 cxd4 7. Nxd4 g6 8. Nc3 Bg7 9. Be3 Nf6 10. f3 0-0 11. 0-0 e6 12. Qd2 d5 13. Nxc6 bxc6 14. e5 Ne8 15. Bc5 Bxe5 16. Bxf8 Kxf8 17. cxd5 exd5 18. Rac1 Nc7 19. f4 Bg7 20. Na4 Nb5 21. Kh1 Kg8 22. Nc5 Qd6 23. Nb3 Rc8 24. a4 Nc7 25. Nc5 Ne6 26. Nxe6 fxe6 27. b4 Rb8 28. Rc5 a5 29. Rfc1 Rxb4 30. Rxc6 Qxf4 31. Qxf4 Rxf4 32. Rxe6 Rxa4 33. Rd6 Bb2 34. Rc8+ Kg7 35. g3 d4 36. Rc7+ Kh6 37. h4 Ra3 38. Kg2 Bc3 39. Rdd7 Kh5 40. Rd5+ Kh6 41. Rdd7 Kh5 42. Kh3 Bd2 43. Rxh7+ Bh6 44. Rc5+ 1-0

[Event "TUR-chT"]
[Site "Ankara"]
[Date "2018.08.02"]
[Round "9.1"]
[White "Sahin, Hayrun Nisa"]
[Black "Ayan, Bengu Sena"]
[Result "1-0"]
[WhiteElo "1736"]
[BlackElo "1787"]
[PlyCount "71"]
[EventDate "2018.07.25"]
[EventType "team-tourn"]
[EventRounds "13"]
[EventCountry "TUR"]
[SourceTitle "CBM 185 Extra"]
[Source "ChessBase"]
[SourceDate "2018.07.29"]
[SourceVersion "1"]
[SourceVersionDate "2018.07.29"]
[SourceQuality "1"]
[WhiteTeam "Tarsus Zeka"]
[BlackTeam "Kahramanmaras Buyuksehir"]
[WhiteTeamCountry "TUR"]
[BlackTeamCountry "TUR"]

1. e4 e6 2. d4 d5 3. Nd2 Nf6 4. e5 Nfd7 5. Ngf3 c5 6. c3 Nc6 7. Bd3 g6 8. 0-0 Bg7 9. Re1 0-0 10. a3 Qb6 11. dxc5 Nxc5 12. Nf1 Nd7 13. Bf4 Qxb2 14. Rc1 Qxa3 15. h4 f6 16. exf6 Nxf6 17. Ng5 Ne4 18. Bxe4 Rxf4 19. Bxd5 Qc5 20. Qd2 Rxh4 21. Nxe6 Bxe6 22. Rxe6 Kh8 23. Bxc6 bxc6 24. Qd7 Rf8 25. Rc2 Qf5 26. Rce2 Qb1 27. Re1 Qb6 28. R1e3 Rhf4 29. Re7 Bxc3 30. Rxh7+ Kg8 31. Rh6 Bg7 32. Qe6+ R4f7 33. Rxg6 Qb2 34. Rxg7+ Kxg7 35. Rg3+ Kh8 36. Qh6+ 1-0